000 00445cam a22001457a 4500
008 180718b1997 xxu||||| |||| 00| 0 eng d
020 _a8170333661
082 _aJ72 D561
245 _aIndian medium towns: an appraisal of their role as growth centres
_cedited by Jaymala Diddee
260 _aJaipur
_bRawat Pub.
_c1997
300 _a363p.
650 _aCity planning - India.
650 _aCities and towns - Growth
700 _aDiddee, Jaymala
999 _c403270
_d403270